Элементарная геометрия. Т. 2: Стереометрия. Преобразования пространства (Запись № 11241331)
[ простой вид ]
| 000 -МАРКЕР | |
|---|---|
| контрольное поле | 01592nam2a2200313 4500 |
| 001 - ИДЕНТИФИКАТОР ЗАПИСИ | |
| контрольное поле | RU\NLR\BIBL_A\011671944 |
| 005 - ИДЕНТИФИКАТОР ВЕРСИИ | |
| контрольное поле | 20180413111255.0 |
| 010 ## - МЕЖДУНАРОДНЫЙ СТАНДАРТНЫЙ НОМЕР КНИГИ (ISBN) | |
| Номер (ISBN) | 978-5-4439-2688-9 |
| Уточнения | т. 2 |
| 021 ## - НОМЕР ГОСУДАРСТВЕННОЙ РЕГИСТРАЦИИ | |
| Код страны | Российская Федерация |
| Номер | КН-П-18-015836 |
| Номер Листа государственной регистраци | КН-П-18-1140 |
| 035 ## - ДРУГИЕ СИСТЕМНЫЕ НОМЕРА | |
| Идентификатор записи | (NLR Aleph) 011671944 |
| 035 ## - ДРУГИЕ СИСТЕМНЫЕ НОМЕРА | |
| Идентификатор записи | (RuMoRGB)009560860 |
| 100 ## - ДАННЫЕ ОБЩЕЙ ОБРАБОТКИ | |
| Данные общей обработки | 20180405d2018 d y0rusy50 ca |
| 101 0# - ЯЗЫК РЕСУРСА | |
| Язык текста, звукозаписи и т.д. | русский |
| 102 ## - СТРАНА ПУБЛИКАЦИИ ИЛИ ПРОИЗВОДСТВА | |
| Страна публикации | Российская Федерация |
| 105 ## - ПОЛЕ КОДИРОВАННЫХ ДАННЫХ: ТЕКСТОВЫЕ МАТЕРИАЛЫ, МОНОГРАФИЧЕСКИЕ | |
| Кодированные данные о монографическом текстовом документе | a j 001 y |
| 200 1# - ЗАГЛАВИЕ И СВЕДЕНИЯ ОБ ОТВЕТСТВЕННОСТИ | |
| Основное заглавие | Стереометрия. Преобразования пространства |
| 215 ## - ФИЗИЧЕСКАЯ ХАРАКТЕРИСТИКА | |
| Специфическое обозначение материала и объем | 256 с. |
| Другие сведения о физической характеристике | ил. |
| 320 ## - ПРИМЕЧАНИЯ О НАЛИЧИИ В ДОКУМЕНТЕ БИБЛИОГРАФИИ / УКАЗАТЕЛЯ | |
| Текст примечания | Библиогр.: с. 254 (16 назв.) |
| 320 ## - ПРИМЕЧАНИЯ О НАЛИЧИИ В ДОКУМЕНТЕ БИБЛИОГРАФИИ / УКАЗАТЕЛЯ | |
| Текст примечания | Предм. указ.: с. 255-256 |
| 461 #0 - УРОВЕНЬ НАБОРА | |
| Встроенное поле | 001RU\NLR\BIBL_A\011671936 |
| -- | 2001#$aЭлементарная геометрия$e[пособие$eв 3 т.]$fЯ.П. Понарин$vТ. 2 |
| -- | 700#1$aПонарин$bЯ.П.$f1934-$gЯков Петрович |
| Системный номер (АБИС) связанной записи | 11241288 |
| Автор | Понарин, Я.П. (1934-) |
| Место публикации | Москва |
| Дата публикации | 2018 |
| Издание | Изд. 4-е, стер. |
| Первые сведения об ответственности | Я.П. Понарин |
| Имя издателя, распространителя и т.д. | Изд-во МЦНМО |
| Сведения, относящиеся к заглавию | [пособие : в 3 т.] |
| Заглавие | Элементарная геометрия |
| ISBN | 9785443926865 |
| Номер тома | Т. 2 |
| 517 1# - ДРУГИЕ ВАРИАНТЫ ЗАГЛАВИЯ | |
| Вариант заглавия | Преобразования пространства |
| 606 1# - НАИМЕНОВАНИЕ ТЕМЫ КАК ПРЕДМЕТ | |
| Наименование темы | Стереометрия |
| Формальный подзаголовок | Учебно-методические пособия |
| Системный номер авторитетной/нормативной записи | 1382248 |
| Идентификатор авторитетной/нормативной записи | RU\NLR\AUTH\66266628 |
| 606 1# - НАИМЕНОВАНИЕ ТЕМЫ КАК ПРЕДМЕТ | |
| Наименование темы | Пространства |
| Формальный подзаголовок | Учебно-методические пособия |
| Тематический подзаголовок | Геометрия |
| Системный номер авторитетной/нормативной записи | 2219157 |
| Идентификатор авторитетной/нормативной записи | RU\NLR\AUTH\661332640 |
| 686 1# - ИНДЕКСЫ ДРУГИХ КЛАССИФИКАЦИЙ | |
| Индекс | В182.21я7-1 |
| 942 ## - ДОПОЛНИТЕЛЬНЫЕ ЭЛЕМЕНТЫ ЗАПИСИ (АБИС) | |
| Тип экземпляра АБИС | Книга |
| 980 ## - КОЛЛЕКЦИЯ | |
| Название коллекции | Национальная библиография |
| Тип экземпляра | Дата поступления | Источник поступления | Библиотека постоянного хранения | Библиотека текущего хранения | Место хранения | Шифр хранения | Штрих-код | Статус экземпляра | Стоимость |
|---|---|---|---|---|---|---|---|---|---|
| Книга | 05.04.2018 | Обязательный экземпляр | РНБ (Московский) | РНБ (Московский) | Русский книжный фонд: издания с 1957 года | 2018-3/9680 | 1-2236625 | ||
| Книга | 05.04.2018 | Обязательный экземпляр | РНБ (Московский) | РНБ (Московский) | Обменный фонд | 1-2236624 | 120.00 |